01119nam a2200289 a 4500001001200000003000800012006001900020007001500039008004100054020001800095040002100113035002100134050002300155100002000178245009200198250001300290260005000303300006500353504004100418533015200459651001800611651001100629655002900640710001700669856012600686999001700812ebr10415453CaPaEBRm u cr cn|||||||||101011s2010 ii abf sb 000 0 eng d z9789350243138 aCaPaEBRcCaPaEBR a(OCoLC)68171572114aQB501b.T43 2010eb1 aThakoor, Shama.10a"Our solar system and home planet-- the Earth"h[electronic resource] /cShama Thakoor. aRev. ed. aMumbai [India] :bHimalaya Pub. House,c2010. a143 p., 24 p. of col. plates :bill. (some col.), col. maps. aIncludes bibliographical references. aElectronic reproduction.bPalo Alto, Calif. :cebrary,d2010.nAvailable via World Wide Web.nAccess may be limited to ebrary affiliated libraries. 0aSolar system. 0aEarth. 7aElectronic books.2local2 aebrary, Inc.40uhttp://site.ebrary.com/lib/rucke/Doc?id=10415453zAn electronic book accessible through the World Wide Web; click to view c86692d86692